| 000 | 00451nam a22001697a 4500 | ||
|---|---|---|---|
| 999 |
_c8241 _d8241 |
||
| 003 | GBCCL | ||
| 005 | 20241126110646.0 | ||
| 008 | 190731b ||||| |||| 00| 0 eng d | ||
| 020 | _a8190113674 | ||
| 040 | _cgbc | ||
| 082 |
_a266 _bTOO |
||
| 245 |
_aTools of the trade: _ba guide for tentmakers/ _ccompiled and edited by Rajesh Duthie |
||
| 260 |
_aPune: _bInterserve India, _c2007. |
||
| 300 | _a32p. ; | ||
| 650 |
_aMissions _9885 |
||
| 942 |
_2ddc _cBK |
||